[Event "GRENKE Chess Open 2024"]
[Site "Karlsruhe"]
[Date "2024.04.01"]
[Round "8.26"]
[White "Gharibyan, Mamikon"]
[Black "Culum, Sanjin"]
[Result "1-0"]
[WhiteElo "2499"]
[BlackElo "2359"]
[Annotator "TA"]
[PlyCount "121"]
[EventDate "2024.03.28"]
[EventType "swiss"]
[EventCountry "GER"]
[SourceTitle "playchess.com"]
[Source "ChessBase"]
[SourceQuality "1"]

1. d4 Nf6 2. c4 e6 3. Nf3 d5 4. Nc3 Bb4 5. e3 O-O 6. Bd2 b6 7. Rc1 dxc4 8. Bxc4 Bb7 9. Qe2 Nbd7 10. a3 Bxc3 11. Bxc3 Ne4 12. O-O c5 13. Rfd1 Nxc3 14. Rxc3 Qe7 15. Ba6 Bxa6 16. Qxa6 cxd4 17. Nxd4 Nc5 18. Qe2 e5 19. Nf5 Qf6 20. Ng3 Rad8 21. b4 Rxd1+ 22. Qxd1 Rd8 23. Qc2 Ne6 24. Rc8 g6 25. Ne4 Qe7 26. Qc6 Rxc8 27. Qxc8+ Qd8 28. Nd6 Kf8 29. Kf1 Kg7 30. Qc6 Kf8 31. Ke2 Qc7 32. Qxc7 Nxc7 33. Nc8 Nb5 34. a4 Nc3+ 35. Kd3 Nxa4 36. Nxa7 Nb2+ 37. Ke4 f5+ 38. Kd5 Nd3 39. b5 Nxf2 40. Kxe5 Ng4+ 41. Kd4 Nxh2 42. Nc8 Ng4 43. Nxb6 Ke7 44. Nc4 Nf6 45. Kc5 Kd7 46. b6 Ne4+ 47. Kb5 g5 48. Ne5+ Kd6 49. Nf7+ Kd7 50. Ka6 g4 51. Ng5 Nc5+ 52. Kb5 Nd3 53. Nxh7 Kc8 54. Nf6 g3 55. Ka6 Nc5+ 56. Ka7 Kd8 57. Nh5 Ke7 58. Nxg3 Ke6 59. b7 Nxb7 60. Kxb7 Ke5 61. Nxf5 1-0

[Event "GRENKE Chess Open 2024"]
[Site "Karlsruhe"]
[Date "2024.04.01"]
[Round "8.27"]
[White "Schneider, Ilja"]
[Black "Kopylov, Michael"]
[Result "0-1"]
[WhiteElo "2460"]
[BlackElo "2352"]
[Annotator "TA"]
[PlyCount "44"]
[EventDate "2024.03.28"]
[EventType "swiss"]
[EventCountry "GER"]
[SourceTitle "playchess.com"]
[Source "ChessBase"]
[SourceQuality "1"]

1. e4 e6 2. d4 d5 3. e5 c5 4. c3 Nc6 5. Nf3 Qb6 6. Bd3 cxd4 7. O-O Bd7 8. Re1 Rc8 9. Nbd2 Nge7 10. a3 dxc3 11. bxc3 Ng6 12. c4 Be7 13. cxd5 exd5 14. Rb1 Qc7 15. Nb3 O-O 16. Nbd4 Nxd4 17. Nxd4 Bc5 18. Nb3 Bb6 19. Bd2 Nxe5 20. Bxh7+ Kxh7 21. Qh5+ Kg8 22. Rxe5 Bg4 0-1

[Event "GRENKE Chess Open 2024"]
[Site "Karlsruhe"]
[Date "2024.04.01"]
[Round "8.27"]
[White "Besou, Hussain"]
[Black "Gaal, Zsoka"]
[Result "0-1"]
[WhiteElo "2239"]
[BlackElo "2379"]
[Annotator "RC"]
[PlyCount "82"]
[EventDate "2024.03.28"]
[EventType "swiss"]
[EventCountry "GER"]
[SourceTitle "playchess.com"]
[Source "ChessBase"]
[SourceQuality "1"]

1. e4 c6 2. d4 d5 3. e5 Bf5 4. Nf3 e6 5. Be2 Nd7 6. O-O a5 7. a4 f6 8. exf6 Ngxf6 9. Re1 Bd6 10. Bd3 O-O 11. Bxf5 exf5 12. Qd3 Ne4 13. c4 Ndf6 14. Nc3 Re8 15. cxd5 cxd5 16. Nb5 Bb8 17. b3 Ra6 18. h3 Nh5 19. Ra2 Rae6 20. Rf1 Qf6 21. Rc2 Rc6 22. Nc3 Qf7 23. Ne2 Rec8 24. Rxc6 bxc6 25. Qa6 Qe6 26. Qxa5 g5 27. Ne5 Bxe5 28. dxe5 Qxe5 29. Qa6 Rc7 30. Qd3 f4 31. Nd4 Nhf6 32. Nf3 Qc3 33. Qxc3 Nxc3 34. Nxg5 Ne2+ 35. Kh2 d4 36. Ne6 Rd7 37. Nxf4 d3 38. Rd1 Nxc1 39. f3 d2 40. b4 Na2 41. Ne2 Rd3 0-1

[Event "GRENKE Chess Open 2024"]
[Site "Karlsruhe"]
[Date "2024.04.01"]
[Round "8.28"]
[White "Buckels, Valentin"]
[Black "Stelmaszyk, Nico"]
[Result "1-0"]
[WhiteElo "2450"]
[BlackElo "2347"]
[Annotator "TA"]
[PlyCount "89"]
[EventDate "2024.03.28"]
[EventType "swiss"]
[EventCountry "GER"]
[SourceTitle "playchess.com"]
[Source "ChessBase"]
[SourceQuality "1"]

1. d4 Nf6 2. Nf3 e6 3. Bf4 c5 4. e3 Qb6 5. b3 Nc6 6. c3 d5 7. h3 g6 8. Be2 Bg7 9. O-O Nd7 10. a4 cxd4 11. exd4 O-O 12. b4 e5 13. a5 Qd8 14. dxe5 Ndxe5 15. Ra2 Qf6 16. Be3 Be6 17. Nd4 Nc4 18. Nxc6 bxc6 19. Bxc4 dxc4 20. Bd4 Qf4 21. Rd2 Bxd4 22. Rxd4 Qc7 23. Nd2 c5 24. bxc5 Qxc5 25. a6 Bf5 26. Nxc4 Be6 27. Nd6 Qxc3 28. Ne4 Qb2 29. Nc5 Bf5 30. g4 Qa3 31. Qc1 Qxc1 32. Rxc1 Bc8 33. Re1 Rb8 34. Re7 Rb6 35. Rxa7 Rc6 36. Rd5 Re8 37. Ra8 Kg7 38. a7 Re7 39. Kh2 h6 40. Kg3 Rec7 41. f3 g5 42. Ne4 Bb7 43. Rb8 Ra6 44. Nd6 Bc6 45. Nf5+ 1-0

[Event "GRENKE Chess Open 2024"]
[Site "Karlsruhe"]
[Date "2024.04.01"]
[Round "8.28"]
[White "Samani, Yamac"]
[Black "von Mettenheim, Johannes"]
[Result "1/2-1/2"]
[WhiteElo "2378"]
[BlackElo "2265"]
[Annotator "ChessBase"]
[PlyCount "48"]
[EventDate "2024.03.28"]
[EventType "swiss"]
[EventCountry "GER"]
[SourceTitle "playchess.com"]
[Source "ChessBase"]
[SourceQuality "1"]

1. d4 Nf6 2. Nf3 d5 3. c4 e6 4. g3 Be7 5. Bg2 O-O 6. O-O dxc4 7. Ne5 Nc6 8. Nxc6 bxc6 9. Na3 Bxa3 10. bxa3 Nd5 11. Qa4 Nb6 12. Qa5 Bb7 13. Rd1 Qd7 14. Rb1 h6 15. Bf4 Rfd8 16. a4 Qc8 17. Rbc1 c5 18. Bxb7 Qxb7 19. Qxc5 Rd5 20. Qxc7 Qa6 21. e4 Rd7 22. Qe5 Nxa4 23. d5 Re8 24. Be3 Red8 1/2-1/2

[Event "GRENKE Chess Open 2024"]
[Site "Karlsruhe"]
[Date "2024.04.01"]
[Round "8.29"]
[White "Seul, Georg"]
[Black "Seo, Jung Min"]
[Result "1/2-1/2"]
[WhiteElo "2359"]
[BlackElo "2450"]
[Annotator "ChessBase"]
[PlyCount "113"]
[EventDate "2024.03.28"]
[EventType "swiss"]
[EventCountry "GER"]
[SourceTitle "playchess.com"]
[Source "ChessBase"]
[SourceQuality "1"]

1. e4 c5 2. Nf3 Nc6 3. Bb5 e6 4. Bxc6 bxc6 5. d3 Qc7 6. e5 f6 7. Bf4 Ne7 8. Bg3 fxe5 9. Nxe5 d6 10. Nc4 Nf5 11. Nbd2 Be7 12. Qh5+ g6 13. Qe2 Nd4 14. Qd1 O-O 15. O-O Nf5 16. Qe2 Bd7 17. f4 Rae8 18. Nf3 Bf6 19. Rab1 Bc8 20. Ncd2 Rd8 21. Bf2 Nd4 22. Nxd4 cxd4 23. Ne4 Bg7 24. Bh4 Rde8 25. Qd2 d5 26. Nc5 e5 27. fxe5 Bxe5 28. Bg3 Bxg3 29. hxg3 Qxg3 30. Rxf8+ Rxf8 31. Rf1 Rxf1+ 32. Kxf1 Kg7 33. Qa5 Qf4+ 34. Kg1 Qe3+ 35. Kh2 Qe7 36. Qb4 Qe5+ 37. Kh1 h5 38. Nb3 h4 39. Qxd4 Qxd4 40. Nxd4 Bd7 41. Nf3 h3 42. gxh3 Bxh3 43. Ne5 c5 44. Nc6 a6 45. Kg1 Kf6 46. Kf2 Bd7 47. Na5 Ke5 48. Nb7 c4 49. Nc5 Bc8 50. c3 Kf4 51. dxc4 dxc4 52. b3 g5 53. bxc4 g4 54. Nd3+ Ke4 55. Nc5+ Kf4 56. Nd3+ Ke4 57. Nc5+ 1/2-1/2

[Event "GRENKE Chess Open 2024"]
[Site "Karlsruhe"]
[Date "2024.04.01"]
[Round "8.29"]
[White "Hansch, Karsten"]
[Black "Glantz, Robert"]
[Result "1-0"]
[WhiteElo "2236"]
[BlackElo "2375"]
[Annotator "ChessBase"]
[PlyCount "59"]
[EventDate "2024.03.28"]
[EventType "swiss"]
[EventCountry "GER"]
[SourceTitle "playchess.com"]
[Source "ChessBase"]
[SourceQuality "1"]

1. e4 c5 2. Nf3 e6 3. d4 cxd4 4. Nxd4 Nc6 5. Nc3 Qc7 6. f4 a6 7. Nxc6 Qxc6 8. Bd3 b5 9. Qe2 Bb7 10. Bd2 Bc5 11. O-O-O Ne7 12. a3 O-O 13. Qh5 f5 14. g4 d5 15. exf5 exf5 16. gxf5 Qf6 17. Rhe1 Nxf5 18. Re5 g6 19. Qg4 Ne7 20. Rde1 Qg7 21. b4 Bc8 22. Qg2 Bd6 23. Rxe7 Bxe7 24. Qxd5+ Kh8 25. Qxa8 Bf6 26. Nd1 Bb7 27. Qa7 Rc8 28. Qb6 Bd4 29. Qe6 Bf2 30. Qxc8+ 1-0

[Event "GRENKE Chess Open 2024"]
[Site "Karlsruhe"]
[Date "2024.04.01"]
[Round "8.30"]
[White "Kruckenhauser, Arthur"]
[Black "Kilic, Eray"]
[Result "1/2-1/2"]
[WhiteElo "2355"]
[BlackElo "2439"]
[Annotator "TA"]
[PlyCount "30"]
[EventDate "2024.03.28"]
[EventType "swiss"]
[EventCountry "GER"]
[SourceTitle "playchess.com"]
[Source "ChessBase"]
[SourceQuality "1"]

1. e4 c5 2. Nf3 Nc6 3. d4 cxd4 4. Nxd4 g6 5. c4 Nf6 6. Nc3 Nxd4 7. Qxd4 d6 8. Be3 Bg7 9. f3 O-O 10. Qd2 a5 11. Na4 Nd7 12. Rc1 b6 13. b3 Nc5 14. Nc3 Bb7 15. Bd3 e6 1/2-1/2

[Event "GRENKE Chess Open 2024"]
[Site "Karlsruhe"]
[Date "2024.04.01"]
[Round "8.30"]
[White "Paseka, Matyas"]
[Black "Krause, Jonah"]
[Result "1-0"]
[WhiteElo "2233"]
[BlackElo "2374"]
[Annotator "ChessBase"]
[PlyCount "160"]
[EventDate "2024.03.28"]
[EventType "swiss"]
[EventCountry "GER"]
[SourceTitle "playchess.com"]
[Source "ChessBase"]
[SourceQuality "1"]

1. d4 Nf6 2. Nf3 g6 3. Nc3 d5 4. Bf4 Bg7 5. Nb5 Na6 6. e3 O-O 7. Be2 Bf5 8. a3 Ne4 9. h4 c6 10. Nc3 Qa5 11. Kf1 Nxc3 12. Qd2 c5 13. Qxc3 Qxc3 14. bxc3 Bxc2 15. Ra2 Ba4 16. Rb2 cxd4 17. cxd4 Nc5 18. Ne5 Ne6 19. Bg3 Rfc8 20. Kg1 Nd8 21. Kh2 Rc3 22. Ra1 Rac8 23. Rb4 Be8 24. a4 e6 25. a5 Bf8 26. Rbb1 f6 27. Nd3 a6 28. Nf4 Ra3 29. Rxa3 Bxa3 30. Rb3 Bf8 31. Bg4 Rc6 32. Bf3 Kf7 33. e4 dxe4 34. Bxe4 Rc4 35. Bxb7 Bb5 36. Bf3 Rxd4 37. Ne2 Rd3 38. Rxd3 Bxd3 39. Bc7 Ke8 40. Nd4 Kd7 41. Bxd8 Bd6+ 42. g3 Kxd8 43. Nxe6+ Kd7 44. Bd5 Bb5 45. f4 Bb4 46. g4 Bxa5 47. Nf8+ Ke7 48. Nxh7 Be1 49. g5 fxg5 50. hxg5 Bd3 51. Bb3 Bc3 52. Kg3 Bd4 53. Kf3 Bf5 54. Ba4 Kf7 55. Nf6 Bxf6 56. gxf6 Kxf6 57. Ke3 Be6 58. Kd4 Bf7 59. Bc2 a5 60. Kc3 Be8 61. Kb2 Bd7 62. Ka3 Kg7 63. Bd3 Bf5 64. Be2 Bc2 65. Kb2 Be4 66. Ka3 Kf6 67. Bg4 Bc6 68. Bh3 Ke7 69. Bf1 Bd7 70. Bd3 Bf5 71. Bc4 Bc2 72. Kb2 Be4 73. Ka3 Kd6 74. Bf7 Kc5 75. Bxg6 Bxg6 76. f5 Bxf5 77. Kb2 a4 78. Ka1 a3 79. Ka2 Kb4 80. Ka1 Kb3 1-0

[Event "GRENKE Chess Open 2024"]
[Site "Karlsruhe"]
[Date "2024.04.01"]
[Round "8.31"]
[White "Beikert, Guenther"]
[Black "Gallana, Marco"]
[Result "1/2-1/2"]
[WhiteElo "2370"]
[BlackElo "2258"]
[Annotator "RC"]
[PlyCount "23"]
[EventDate "2024.03.28"]
[EventType "swiss"]
[EventCountry "GER"]
[SourceTitle "playchess.com"]
[Source "ChessBase"]
[SourceQuality "1"]

1. Nf3 Nf6 2. c4 g6 3. g3 Bg7 4. Bg2 O-O 5. O-O d6 6. d4 Nbd7 7. Nc3 e5 8. h4 c6 9. e4 a6 10. Be3 Qe7 11. Rc1 b5 12. c5 1/2-1/2

[Event "GRENKE Chess Open 2024"]
[Site "Karlsruhe"]
[Date "2024.04.01"]
[Round "8.31"]
[White "Bassini, Emile"]
[Black "Stalmach, Richard"]
[Result "1/2-1/2"]
[WhiteElo "2346"]
[BlackElo "2436"]
[Annotator "TA"]
[PlyCount "90"]
[EventDate "2024.03.28"]
[EventType "swiss"]
[EventCountry "GER"]
[SourceTitle "playchess.com"]
[Source "ChessBase"]
[SourceQuality "1"]

1. e4 c5 2. Nf3 d6 3. d4 cxd4 4. Nxd4 Nf6 5. Nc3 a6 6. Bd3 g6 7. Be2 Bg7 8. Be3 O-O 9. Qd2 Nc6 10. O-O-O Bd7 11. h4 h5 12. f3 Ne5 13. Bh6 Rc8 14. g4 hxg4 15. h5 Qa5 16. Bxg7 Kxg7 17. hxg6 fxg6 18. Qh6+ Kf7 19. f4 Rh8 20. Qg5 Rxh1 21. Rxh1 Rxc3 22. fxe5 Rc5 23. Nf5 Rxe5 24. Bc4+ Be6 25. Rh7+ Ke8 26. Rxe7+ Kd8 27. c3 Rxf5 28. exf5 Kxe7 29. Bxe6 gxf5 30. Bxf5 Qxa2 31. Qe3+ Kf7 32. Qd4 Qa1+ 33. Bb1 Qa5 34. Qxd6 Qg5+ 35. Kd1 g3 36. Qc7+ Ke6 37. Qb6+ Ke7 38. Qxb7+ Nd7 39. Be4 Qg4+ 40. Ke1 Qf4 41. Bc6 Qe3+ 42. Kd1 Qd3+ 43. Ke1 Qe3+ 44. Kd1 Qd3+ 45. Ke1 Qe3+ 1/2-1/2

[Event "GRENKE Chess Open 2024"]
[Site "Karlsruhe"]
[Date "2024.04.01"]
[Round "8.32"]
[White "Peyrer, Konstantin"]
[Black "Kopylov, Daniel"]
[Result "1/2-1/2"]
[WhiteElo "2434"]
[BlackElo "2346"]
[Annotator "TA"]
[PlyCount "27"]
[EventDate "2024.03.28"]
[EventType "swiss"]
[EventCountry "GER"]
[SourceTitle "playchess.com"]
[Source "ChessBase"]
[SourceQuality "1"]

1. Nf3 Nf6 2. c4 c5 3. Nc3 d5 4. cxd5 Nxd5 5. e3 Nxc3 6. dxc3 Qc7 7. e4 Nc6 8. Be3 e6 9. g3 Be7 10. Bg2 O-O 11. O-O b6 12. Qa4 Bb7 13. Bf4 Bd6 14. Bxd6 1/2-1/2

[Event "GRENKE Chess Open 2024"]
[Site "Karlsruhe"]
[Date "2024.04.01"]
[Round "8.32"]
[White "Ertan, Can"]
[Black "Jahncke, Giso"]
[Result "0-1"]
[WhiteElo "2363"]
[BlackElo "2250"]
[Annotator "RC"]
[PlyCount "60"]
[EventDate "2024.03.28"]
[EventType "swiss"]
[EventCountry "GER"]
[SourceTitle "playchess.com"]
[Source "ChessBase"]
[SourceQuality "1"]

1. e4 e5 2. Nf3 Nc6 3. Bb5 a6 4. Ba4 Nf6 5. O-O Be7 6. Re1 b5 7. Bb3 O-O 8. a4 Bb7 9. c3 d5 10. exd5 Nxd5 11. axb5 axb5 12. Rxa8 Bxa8 13. d3 Bf6 14. Nbd2 Be7 15. Nb1 Bf6 16. Nbd2 g6 17. Ne4 Bg7 18. Bg5 f6 19. Bh4 g5 20. Nfxg5 fxg5 21. Bxg5 Nce7 22. Qg4 Qc8 23. Qh5 Qf5 24. Qd1 Kh8 25. h4 h6 26. Bc1 Ng6 27. g3 Nf6 28. Qc2 Qh3 29. Rf1 Nxe4 30. dxe4 Nxh4 0-1

[Event "GRENKE Chess Open 2024"]
[Site "Karlsruhe"]
[Date "2024.04.01"]
[Round "8.33"]
[White "Lewtak, Damian"]
[Black "Krstulovic, Alex"]
[Result "1/2-1/2"]
[WhiteElo "2343"]
[BlackElo "2431"]
[Annotator "TA"]
[PlyCount "33"]
[EventDate "2024.03.28"]
[EventType "swiss"]
[EventCountry "GER"]
[SourceTitle "playchess.com"]
[Source "ChessBase"]
[SourceQuality "1"]

1. e4 c6 2. Nf3 d5 3. Nc3 dxe4 4. Nxe4 Nf6 5. Qe2 Nxe4 6. Qxe4 Qd5 7. Qh4 Qe6+ 8. Be2 Qg4 9. Qg3 Qxg3 10. hxg3 Bf5 11. b3 Nd7 12. Bb2 h6 13. O-O-O e6 14. Ne5 Nxe5 15. Bxe5 Ba3+ 16. Bb2 Bxb2+ 17. Kxb2 1/2-1/2

[Event "GRENKE Chess Open 2024"]
[Site "Karlsruhe"]
[Date "2024.04.01"]
[Round "8.34"]
[White "Vanczak, Tamas"]
[Black "Kulon, Klaudia"]
[Result "0-1"]
[WhiteElo "2431"]
[BlackElo "2335"]
[Annotator "ChessBase"]
[PlyCount "98"]
[EventDate "2024.03.28"]
[EventType "swiss"]
[EventCountry "GER"]
[SourceTitle "playchess.com"]
[Source "ChessBase"]
[SourceQuality "1"]

1. e4 e5 2. Nf3 Nc6 3. Bc4 Nf6 4. d3 Be7 5. c3 O-O 6. Bb3 d5 7. exd5 Nxd5 8. O-O Bf5 9. Re1 Bf6 10. Ba4 Re8 11. Na3 Nb6 12. Bc2 Qd7 13. Ng5 Rad8 14. Ne4 Be7 15. Qf3 h6 16. Qg3 Kh7 17. f4 exf4 18. Bxf4 Nd5 19. Bd2 Bg6 20. d4 f5 21. Nf2 Nf6 22. Nc4 b5 23. Ne3 Bd6 24. Qf3 Ne7 25. Nf1 Kh8 26. Ng3 Rf8 27. Bf4 Ne4 28. Nd3 Nc6 29. Rad1 Bh7 30. Bb3 Rde8 31. Ne5 Nxe5 32. dxe5 Bc5+ 33. Kf1 Qe7 34. e6 Qh4 35. Rd7 Bd6 36. Ne2 g5 37. Rxd6 cxd6 38. Be3 Bg6 39. Rd1 Qxh2 40. Bg1 Qh4 41. Qe3 Re7 42. Qd4+ Kh7 43. Rd3 Bh5 44. Rh3 Bxe2+ 45. Kxe2 Qg4+ 46. Kf1 Ng3+ 47. Kf2 Ne4+ 48. Kf1 Qf4+ 49. Ke2 Ng3+ 0-1

[Event "GRENKE Chess Open 2024"]
[Site "Karlsruhe"]
[Date "2024.04.01"]
[Round "8.34"]
[White "Stijve, Theo"]
[Black "Huber, Benedikt"]
[Result "0-1"]
[WhiteElo "2356"]
[BlackElo "2247"]
[Annotator "ChessBase"]
[PlyCount "30"]
[EventDate "2024.03.28"]
[EventType "swiss"]
[EventCountry "GER"]
[SourceTitle "playchess.com"]
[Source "ChessBase"]
[SourceQuality "1"]

1. Nf3 d5 2. g3 e6 3. Bg2 Nf6 4. O-O Be7 5. c4 O-O 6. b3 b6 7. Bb2 Bb7 8. e3 c5 9. Qe2 Qc8 10. d3 Rd8 11. Nbd2 a6 12. Rac1 dxc4 13. Nxc4 Nbd7 14. b4 Qb8 15. bxc5 Nxc5 0-1

[Event "GRENKE Chess Open 2024"]
[Site "Karlsruhe"]
[Date "2024.04.01"]
[Round "8.36"]
[White "Eugene, Floryan"]
[Black "Lavrencic, Matic"]
[Result "0-1"]
[WhiteElo "2422"]
[BlackElo "2322"]
[Annotator "TA"]
[PlyCount "122"]
[EventDate "2024.03.28"]
[EventType "swiss"]
[EventCountry "GER"]
[SourceTitle "playchess.com"]
[Source "ChessBase"]
[SourceQuality "1"]

1. e4 c5 2. Nf3 d6 3. Bb5+ Nd7 4. O-O a6 5. Bd3 Ngf6 6. Re1 e6 7. Bf1 b5 8. a4 Bb7 9. d4 Bxe4 10. Bg5 Be7 11. Bxf6 Nxf6 12. axb5 axb5 13. Bxb5+ Kf8 14. Nbd2 Bb7 15. dxc5 dxc5 16. Qe2 Rxa1 17. Rxa1 g6 18. Ne5 Kg7 19. Bc6 Bxc6 20. Nxc6 Qd7 21. Ne5 Qb7 22. Ndc4 Rd8 23. Re1 Qd5 24. c3 Bf8 25. g3 Qb7 26. Na5 Qc7 27. Nac6 Ra8 28. Qf3 Ra2 29. Rd1 Bd6 30. Nc4 Nd5 31. N4a5 Bf8 32. c4 Nb4 33. Nxb4 cxb4 34. Nb7 Rxb2 35. c5 Bxc5 36. Nxc5 Qxc5 37. Rd7 Qf5 38. Qxf5 gxf5 39. Rb7 b3 40. Kg2 e5 41. Kf3 Rb1 42. g4 fxg4+ 43. Kxg4 Kg6 44. Rb6+ f6 45. h4 h5+ 46. Kf3 Kf5 47. Rb4 b2 48. Kg2 e4 49. Kh2 Kf4 50. Kg2 f5 51. Rb5 Kg4 52. Kh2 Kxh4 53. Kg2 Kg4 54. Rb3 h4 55. Kh2 f4 56. Kg2 f3+ 57. Kh2 Kf4 58. Rb5 e3 59. Rb4+ Ke5 60. Rb3 e2 61. Rb5+ Kd4 0-1

[Event "GRENKE Chess Open 2024"]
[Site "Karlsruhe"]
[Date "2024.04.01"]
[Round "8.37"]
[White "Ostrovskiy, Andrey"]
[Black "Knuedel, Torben"]
[Result "0-1"]
[WhiteElo "2420"]
[BlackElo "2299"]
[Annotator "TA"]
[PlyCount "170"]
[EventDate "2024.03.28"]
[EventType "swiss"]
[EventCountry "GER"]
[SourceTitle "playchess.com"]
[Source "ChessBase"]
[SourceQuality "1"]

1. e4 e5 2. Nf3 Nc6 3. Bb5 a6 4. Ba4 Nf6 5. d3 b5 6. Bb3 Be7 7. a4 Bb7 8. O-O O-O 9. Nc3 b4 10. Nd5 Na5 11. Ba2 Bxd5 12. Bxd5 Nxd5 13. exd5 Bf6 14. Qe1 Rb8 15. Qe4 c6 16. h4 cxd5 17. Qxd5 Nc6 18. Bg5 h6 19. Bxf6 Qxf6 20. Rfe1 Rfe8 21. Qxd7 Red8 22. Qg4 Nd4 23. Nxd4 Rxd4 24. Qe2 Re8 25. g3 e4 26. Rad1 Re6 27. dxe4 Rxd1 28. Rxd1 Qxb2 29. Qc4 Kh7 30. Kg2 Rf6 31. Rd5 Qa3 32. Qb3 Qxb3 33. cxb3 Rc6 34. Rf5 Kg8 35. h5 Rc3 36. Rf3 Kf8 37. Re3 Rxe3 38. fxe3 Ke7 39. Kf3 Ke6 40. Ke2 g5 41. Kd3 Ke5 42. a5 g4 43. Kc4 Kxe4 44. Kc5 Kxe3 45. Kb6 f5 46. Kxa6 f4 47. Kb6 fxg3 48. a6 g2 49. a7 g1=Q 50. a8=Q g3 51. Qc6 Qf2 52. Qxh6+ Ke2+ 53. Ka5 g2 54. Qe6+ Kf3 55. Qf5+ Kg3 56. Qe5+ Kh3 57. Qe6+ Kh2 58. Qe5+ Qg3 59. Qe2 Kh3 60. Qe6+ Kh4 61. Qe4+ Kxh5 62. Qe8+ Kg4 63. Qc8+ Kf3 64. Qc6+ Kf2 65. Qc2+ Kg1 66. Qd1+ Kh2 67. Qh5+ Qh3 68. Qe5+ Kh1 69. Qd5 Qg4 70. Ka4 Kh2 71. Qd6+ Kh3 72. Qh6+ Kg3 73. Qe3+ Qf3 74. Qg5+ Kf2 75. Qh4+ Ke3 76. Qe7+ Kd3 77. Qd6+ Kc2 78. Qg6+ Kb2 79. Kxb4 Qxb3+ 80. Ka5 Qd5+ 81. Ka6 Qc4+ 82. Kb7 Qd5+ 83. Ka6 Qa2+ 84. Kb5 Ka1 85. Kc5 Qf2+ 0-1

[Event "GRENKE Chess Open 2024"]
[Site "Karlsruhe"]
[Date "2024.04.01"]
[Round "8.37"]
[White "Elgersma, Onno"]
[Black "Terekhov, Andrey"]
[Result "0-1"]
[WhiteElo "2351"]
[BlackElo "2241"]
[Annotator "RC"]
[PlyCount "82"]
[EventDate "2024.03.28"]
[EventType "swiss"]
[EventCountry "GER"]
[SourceTitle "playchess.com"]
[Source "ChessBase"]
[SourceQuality "1"]

1. e4 c5 2. Nf3 e6 3. g3 Nc6 4. Qe2 e5 5. Bg2 Nf6 6. O-O Be7 7. Nc3 O-O 8. Nd5 d6 9. c3 Be6 10. Ne1 Qd7 11. Nc2 Rae8 12. d3 Bh3 13. Nxe7+ Nxe7 14. Bg5 Bxg2 15. Kxg2 Qe6 16. Ne3 Nd7 17. Bxe7 Qxe7 18. Qg4 Qe6 19. Qh4 Qf6 20. Qxf6 Nxf6 21. f4 exf4 22. gxf4 Rd8 23. Kf3 g6 24. a4 Nd7 25. Rg1 Kh8 26. h4 Nf6 27. Rh1 d5 28. Rad1 dxe4+ 29. dxe4 Rde8 30. e5 Nh5 31. Rd7 f6 32. e6 Rxe6 33. f5 Re5 34. fxg6 hxg6 35. Rxb7 Rfe8 36. Re1 f5 37. Kf2 Nf4 38. Kf3 Nd3 39. Re2 f4 40. Rxa7 Rxe3+ 41. Rxe3 fxe3 0-1

[Event "GRENKE Chess Open 2024"]
[Site "Karlsruhe"]
[Date "2024.04.01"]
[Round "8.38"]
[White "Ehmann, Thilo"]
[Black "Jaskolka, Tomasz"]
[Result "0-1"]
[WhiteElo "2349"]
[BlackElo "2241"]
[Annotator "RC"]
[PlyCount "126"]
[EventDate "2024.03.28"]
[EventType "swiss"]
[EventCountry "GER"]
[SourceTitle "playchess.com"]
[Source "ChessBase"]
[SourceQuality "1"]

1. e4 c5 2. Nf3 e6 3. d4 cxd4 4. Nxd4 Nc6 5. Nc3 Qc7 6. a3 a6 7. Be3 b5 8. Nxc6 Qxc6 9. Bd3 Bb7 10. Qe2 Bc5 11. e5 f5 12. Rg1 h5 13. h3 Ne7 14. g4 hxg4 15. hxg4 g6 16. gxf5 gxf5 17. Bxc5 Qxc5 18. O-O-O Nc6 19. Bxb5 axb5 20. Nxb5 O-O-O 21. Rg3 Qxe5 22. Re3 Qf4 23. Nd6+ Kc7 24. Nf7 Rdf8 25. Nxh8 Rxh8 26. Kb1 Rh7 27. Rb3 Qe5 28. Qc4 Kc8 29. f4 Qc7 30. Rg1 Rh8 31. Rbg3 Qb6 32. Rd1 Ba6 33. Qc3 Rh7 34. Rg8+ Kc7 35. Rg7 Rxg7 36. Qxg7 Bc8 37. Qf8 Nd4 38. Qg7 Nc6 39. Qf8 Nd4 40. Qg7 Nc6 41. Qc3 Qb5 42. b4 Qe2 43. Re1 Qb5 44. Kb2 Kb8 45. Rd1 e5 46. Qb3 exf4 47. Rd5 Qe2 48. b5 Na5 49. Qc3 Nc4+ 50. Kb3 d6 51. Kb4 Be6 52. Qh8+ Kc7 53. Qg7+ Bd7 54. Rd4 Ne5 55. b6+ Kc6 56. Kb3 Qe3+ 57. c3 Qc1 58. Rb4 Qd1+ 59. Ka2 Qc2+ 60. Ka1 Qc1+ 61. Ka2 Be6+ 62. c4 Bxc4+ 63. Rxc4+ Qxc4+ 0-1

[Event "GRENKE Chess Open 2024"]
[Site "Karlsruhe"]
[Date "2024.04.01"]
[Round "8.38"]
[White "Sidletskyi, Ivan"]
[Black "Fedorovsky, Michael"]
[Result "1-0"]
[WhiteElo "2336"]
[BlackElo "2419"]
[Annotator "TA"]
[PlyCount "119"]
[EventDate "2024.03.28"]
[EventType "swiss"]
[EventCountry "GER"]
[SourceTitle "playchess.com"]
[Source "ChessBase"]
[SourceQuality "1"]

1. e4 c5 2. Nf3 d6 3. d4 cxd4 4. Nxd4 Nf6 5. Nc3 g6 6. Be3 Bg7 7. f3 O-O 8. Qd2 Nc6 9. g4 Be6 10. Nxe6 fxe6 11. h4 Ne5 12. Be2 Qc8 13. O-O-O Nfd7 14. h5 Nxf3 15. Nd5 Nxd2 16. Nxe7+ Kf7 17. Nxc8 Raxc8 18. Rxd2 Ke7 19. hxg6 hxg6 20. Bg5+ Bf6 21. Rh7+ Rf7 22. Bxf6+ Nxf6 23. Rxf7+ Kxf7 24. Rxd6 Rc7 25. Rd4 Nd7 26. Kd2 Kf6 27. Ke3 Ne5 28. c3 g5 29. Rd8 b6 30. Rf8+ Nf7 31. Bb5 Kg7 32. Ra8 Ne5 33. Be2 Kf6 34. a4 Rh7 35. b4 Rc7 36. Kd2 Rd7+ 37. Kc2 Nf7 38. Bb5 Rc7 39. Rf8 Ke5 40. Bd3 Nd6 41. Rg8 Kf4 42. Rg6 Re7 43. e5 Ne8 44. Be2 Nc7 45. c4 Na6 46. Kc3 Nb8 47. c5 bxc5 48. bxc5 Nc6 49. Bc4 Nxe5 50. Rxe6 Rc7 51. Kd4 Nxc4 52. Kxc4 Kxg4 53. Kd5 Kf5 54. c6 g4 55. Re1 g3 56. Kd6 Rh7 57. c7 Rh6+ 58. Kd7 Rh7+ 59. Kc6 Rh8 60. Kb7 1-0

[Event "GRENKE Chess Open 2024"]
[Site "Karlsruhe"]
[Date "2024.04.01"]
[Round "8.38"]
[White "Semling, Johannes"]
[Black "Kniest, Oliver"]
[Result "1/2-1/2"]
[WhiteElo "2143"]
[BlackElo "2262"]
[Annotator "ChessBase"]
[PlyCount "57"]
[EventDate "2024.03.28"]
[EventType "swiss"]
[EventCountry "GER"]
[SourceTitle "playchess.com"]
[Source "ChessBase"]
[SourceQuality "1"]

1. e4 e5 2. Nf3 Nc6 3. Bb5 a6 4. Ba4 Nf6 5. O-O Nxe4 6. d4 b5 7. Bb3 d5 8. dxe5 Be6 9. Qe2 Nc5 10. Be3 Nxb3 11. cxb3 Na5 12. Rd1 Be7 13. Nc3 O-O 14. Rac1 c5 15. Ne4 c4 16. Nc5 Qc8 17. Nxe6 fxe6 18. Nd4 Nc6 19. Qg4 Nxd4 20. Qxd4 Qb7 21. bxc4 bxc4 22. b3 cxb3 23. Rb1 Rac8 24. Rxb3 Qc7 25. Rb6 Bc5 26. Qxc5 Qxc5 27. Bxc5 Rxc5 28. Rxe6 Rc2 29. f3 1/2-1/2

[Event "GRENKE Chess Open 2024"]
[Site "Karlsruhe"]
[Date "2024.04.01"]
[Round "8.39"]
[White "Kostov, Deyan Samuil"]
[Black "Milov, Leonid"]
[Result "1/2-1/2"]
[WhiteElo "2328"]
[BlackElo "2415"]
[Annotator "ChessBase"]
[PlyCount "53"]
[EventDate "2024.03.28"]
[EventType "swiss"]
[EventCountry "GER"]
[SourceTitle "playchess.com"]
[Source "ChessBase"]
[SourceQuality "1"]

1. d4 f5 2. Nf3 Nf6 3. Bg5 e6 4. Nbd2 Be7 5. Bxf6 Bxf6 6. e4 O-O 7. Bd3 d5 8. exf5 exf5 9. O-O Nc6 10. c3 Qd6 11. Re1 Bd7 12. Qc2 g6 13. b4 Rae8 14. Rxe8 Rxe8 15. Re1 Rxe1+ 16. Nxe1 Nd8 17. g3 Ne6 18. f4 Nxd4 19. cxd4 Bxd4+ 20. Kf1 Qxb4 21. Qxc7 Qxd2 22. Qd8+ Kg7 23. Qe7+ Kg8 24. Qd8+ Kg7 25. Qe7+ Kg8 26. Qd8+ Kg7 27. Qe7+ 1/2-1/2